| 000 | 00545nam a2200205Ia 4500 | ||
|---|---|---|---|
| 005 | 20250508162829.0 | ||
| 008 | 008 250505s9999 xx 000 0 eng d | ||
| 020 | _a0-395-35506-0 | ||
| 037 | _aTextual | ||
| 040 |
_aFEDL _beng _cFEDL |
||
| 041 |
_aeng _2eng |
||
| 084 |
_a150, BER _qFEDL |
||
| 100 |
_aBernstein Douglas A _987112 |
||
| 245 | 0 | _aPsychology | |
| 260 |
_aBoston, USA _bHoughton Mifflin Company _c1988 |
||
| 300 | _axix,704p. | ||
| 650 | _aPsychology | ||
| 942 |
_cTEXL _h150, BER |
||
| 999 |
_c1378933 _d1378933 |
||